Bandera aleatoria al país - ¡Tres Vidas! - Estadísticas

Estadísticas generales
  • Esta prueba ha sido intentada 177 veces
    176 desde el último reinicio
  • La puntuación promedio es 15 de 20
Estadísticas de respuestas
Imagen Respuesta % Correcto
Bielorrusia
100%
Canadá
100%
Catar
100%
Chipre
100%
Ciudad del Vaticano
100%
Colombia
100%
Haití
100%
Honduras
100%
Hungría
100%
Irlanda
100%
Jamaica
100%
Líbano
100%
Marruecos
100%
Noruega
100%
República Democrática del Congo
100%
San Marino
100%
Suecia
100%
Tailandia
100%
Togo
100%
Ucrania
100%
Angola
94%
Reino Unido
94%
Túnez
93%
Turquía
93%
China
92%
Ecuador
92%
España
92%
Grecia
92%
Italia
92%
Kazajistán
92%
Kenia
92%
Rusia
92%
Serbia
92%
Argelia
91%
Barbados
91%
Corea del Norte
91%
Etiopía
91%
México
91%
Georgia
90%
India
90%
Luxemburgo
90%
Moldavia
90%
Montenegro
90%
Panamá
90%
Sri Lanka
90%
Arabia Saudita
89%
Argentina
89%
Emiratos Árabes Unidos
89%
Irak
89%
Mauritania
89%
Perú
89%
Sudáfrica
89%
Uzbekistán
89%
Bélgica
88%
El Salvador
88%
Eslovenia
88%
Irán
88%
República Dominicana
88%
Uruguay
88%
Venezuela
88%
Suiza
87%
Andorra
86%
Bosnia y Herzegovina
86%
Brasil
86%
Israel
86%
Malasia
86%
Nepal
86%
Rumania
86%
Afganistán
85%
Alemania
85%
Baréin
85%
Macedonia del Norte
85%
Papúa Nueva Guinea
85%
Portugal
85%
Chile
84%
Estonia
84%
Albania
83%
Bangladés
83%
Costa Rica
83%
Francia
83%
Islandia
83%
Lesoto
83%
Mongolia
83%
Países Bajos
83%
Polonia
83%
Zambia
83%
Corea del Sur
82%
Eritrea
82%
Finlandia
82%
Indonesia
82%
Nueva Zelanda
82%
Paraguay
82%
Tayikistán
82%
Uganda
81%
Belice
80%
Bután
80%
Cabo Verde
80%
Eslovaquia
80%
Fiyi
80%
Guatemala
80%
Japón
80%
Letonia
80%
Liberia
80%
Croacia
79%
Filipinas
79%
Madagascar
79%
Palaos
79%
Seychelles
79%
Nicaragua
78%
Cuba
77%
Dinamarca
77%
Armenia
75%
Benín
75%
Malí
75%
Malta
75%
Somalia
75%
Antigua y Barbuda
74%
Azerbaiyán
73%
Granada
73%
Libia
73%
República Centroafricana
73%
Tanzania
73%
Vietnam
73%
Liechtenstein
72%
Burkina Faso
71%
Costa de Marfil
71%
Estados Unidos
71%
Jordania
71%
Mónaco
71%
Namibia
71%
República Checa
71%
Burundi
70%
Egipto
70%
Kosovo
70%
Santa Lucía
70%
Bulgaria
69%
Ghana
69%
Islas Salomón
69%
Zimbabue
69%
Siria
68%
Camboya
67%
Dominica
67%
Estados Federados de Micronesia
67%
Laos
67%
Malaui
67%
Nauru
67%
Santo Tomé y Príncipe
67%
Ruanda
64%
Tuvalu
64%
Camerún
63%
Kirguistán
63%
Kuwait
63%
Gabón
62%
Myanmar
62%
Singapur
62%
Botsuana
60%
Omán
60%
Pakistán
60%
Tonga
60%
Brunéi
59%
Bolivia
58%
Chad
58%
Mauricio
58%
Mozambique
58%
Senegal
58%
Turkmenistán
58%
Austria
57%
Lituania
57%
Yemen
57%
Yibuti
57%
Bahamas
56%
Maldivas
56%
San Cristóbal y Nieves
56%
Gambia
53%
Islas Marshall
53%
Australia
50%
Comoras
50%
Guinea
50%
San Vicente y las Granadinas
50%
Surinam
50%
Guyana
47%
Níger
46%
Sierra Leona
46%
Sudán
44%
Vanuatu
42%
Timor Oriental
40%
Trinidad y Tobago
40%
Kiribati
38%
Taiwán
38%
Esuatini
33%
República del Congo
33%
Samoa
27%
No se encontraron pruebas coincidentes
Distribución de puntuación
Porcentaje de gente con cada puntuación
Porcentaje por número respondido
Historial de tus puntuaciones
No has intentado esta prueba desde el último reinicio